La esposición [sic] agrícola e industrial de Lorca en 1863 / (Record no. 190108)

MARC details
000 -LEADER
campo de control de longitud fija 01255nam a2200229 i 4500
001 - NÚMERO DE CONTROL
campo de control 190108
003 - IDENTIFICADOR DE NÚMERO DE CONTROL
campo de control ES-MaACL
005 - FECHA Y HORA DE LA ÚLTIMA TRANSACCIÓN
campo de control 20230906223637.0
008 - DATOS DE LONGITUD FIJA--INFORMACIÓN GENERAL
campo de control de longitud fija 200729s1863 sp |||| | spa d
080 ## - NÚMERO DE LA CLASIFICACIÓN DECIMAL UNIVERSAL
Número de la Clasificación Decimal Universal 061.48(460.33 Lorca)
110 2# - ENTRADA PRINCIPAL--NOMBRE DE ENTIDAD CORPORATIVA
Nombre de entidad corporativa o nombre de jurisdicción como elemento de entrada Sociedad Económica de Amigos del País de Lorca.
9 (RLIN) 170216
245 10 - MENCIÓN DEL TÍTULO
Título La esposición [sic] agrícola e industrial de Lorca en 1863 /
Mención de responsabilidad, etc. Sociedad Económica de Amigos del País de Lorca.
260 ## - PUBLICACIÓN, DISTRIBUCIÓN, ETC.
Lugar de publicación, distribución, etc. Lorca :
Nombre del editor, distribuidor, etc. [s.n.],
Fecha de publicación, distribución, etc. 1863 (
Fabricante Imp. de J. B.ª Campoy)
300 ## - DESCRIPCIÓN FÍSICA
Extensión 8, 47, 11 p. ;
Dimensiones 22 cm.
505 8# - NOTA DE CONTENIDO CON FORMATO
Nota de contenido con formato Contiene: Memoria leída por el sr. vice-director de la Sociedad Económica de Amigos del País de esta ciudad, en la sesión pública celebrada en 20 de diciembre de 1863, de acuerdo con lo prevenido en el artículo 60 de los Estatutos generales (8 p.) . Lista nominal de los ss. espositores [sic] que han obtenido premios (11 p.)
530 ## - NOTA DISPONIBLE DE FORMULARIO FÍSICO ADICIONAL
Nota de formato físico adicional disponible Disponible en formato digital.
610 24 - PUNTO DE ACCESO ADICIONAL DE MATERIA--NOMBRE DE ENTIDAD CORPORATIVA
Nombre de entidad corporativa o nombre de jurisdicción como elemento de entrada Sociedad Económica de Amigos del País de Lorca.
9 (RLIN) 170216
611 2# - PUNTO DE ACCESO ADICIONAL DE MATERIA--NOMBRE DE REUNIÓN/CONGRESO
Nombre de congreso/reunión o jurisdicción como elemento de entrada Exposición agrícola e industrial.
Fecha del congreso o de la firma del tratado (1863.
Sede del congreso/Lugar de la reunión Lorca)
9 (RLIN) 176205
650 #4 - PUNTO DE ACCESO ADICIONAL DE MATERIA--TÉRMINO DE MATERIA
Término de materia o nombre geográfico como elemento de entrada Ferias agrícolas.
9 (RLIN) 170217
852 4# - LOCALIZACIÓN
Ubicación ES-MaACL
Número de control de estantería T-82-F-11
856 4# - LOCALIZACIÓN Y ACCESO ELECTRÓNICOS
Identificador Uniforme de Recursos <a href="http://bdh-rd.bne.es/viewer.vm?id=0000115761&page=1 ">http://bdh-rd.bne.es/viewer.vm?id=0000115761&page=1 </a>
Nota pública Biblioteca Digital Hispánica
Holdings
Estatus retirado Estado de pérdida Estado de daño No para préstamo Colección Biblioteca de origen Biblioteca actual Ubicación en estantería Fecha de adquisición Fuente de adquisición Total de préstamos Signatura topográfica completa Código de barras Visto por última vez Precio de reemplazo Tipo de ítem Koha
        Colección de folletos Biblioteca del Ateneo de Madrid Biblioteca del Ateneo de Madrid Depósito folletos 02/04/2005     T-82-F-11 1201798 23/02/2023 23/02/2023 Folleto